[Event "Team men PL chess 2021"]
[Site "?"]
[Date "2021.05.08"]
[Round "7.20"]
[White "Usmanov, Vasily"]
[Black "Musalov, Ruslan"]
[Result "1-0"]
[WhiteElo "2443"]
[BlackElo "2359"]
[PlyCount "129"]
[EventDate "2021.??.??"]

1.d4 d6 2.Nf3 g6 3.c4 Bg7 4.Nc3 Bg4 5.e3 Nc6 6.h3 Bxf3 7.Qxf3
f5 8.g4 Nh6 9.d5 Nb4 10.Qd1 Qd7 11.Be2 O-O 12.e4 fxe4 13.Nxe4
Nf7 14.Be3 e6 15.Qb3 exd5 16.cxd5 a5 17.a3 Qe7 18.f3 Na6 19.O-O
Nc5 20.Bxc5 dxc5 21.Rae1 Nd6 22.Kg2 Be5 23.Nxc5 Qh4 24.f4 Rxf4
25.Ne6 Rxf1 26.Rxf1 Qe7 27.a4 b6 28.Rc1 Nf7 29.Rc2 Bd6 30.Bb5
Ne5 31.Re2 Qf6 32.Qc3 h5 33.g5 Qf5 34.Qe3 Kh7 35.b3 Rg8 36.Qe4
Qxe4+ 37.Rxe4 Ra8 38.Re2 Kg8 39.Rc2 Kf7 40.Rf2+ Ke7 41.Rf6 Rg8
42.Nf4 Rf8 43.Nxg6+ Nxg6 44.Rxg6 Rf5 45.h4 Rf4 46.Bd3 Rg4+ 47.Kf3
Rf4+ 48.Ke2 Rxh4 49.Bf5 Kf7 50.Rh6 Bf8 51.Rh8 Rh2+ 52.Kd3 Rg2
53.g6+ Ke7 54.d6+ cxd6 55.Rh7+ Ke8 56.Kc4 h4 57.Kd5 Re2 58.Kc6
Re3 59.g7 Bxg7 60.Rxg7 Rxb3 61.Kxd6 Kf8 62.Rg4 Rb4 63.Be6 Rxg4
64.Bxg4 Kf7 65.Kc6 1-0

[Event "Team men PL chess 2021"]
[Site "?"]
[Date "2021.05.08"]
[Round "7.21"]
[White "Alexeev, Alexey"]
[Black "Pershin, Denis"]
[Result "1-0"]
[WhiteElo "2243"]
[BlackElo "2391"]
[PlyCount "81"]
[EventDate "2021.??.??"]

1.e4 c5 2.Nf3 Nc6 3.Bb5 g6 4.Bxc6 bxc6 5.O-O Bg7 6.c3 Nf6 7.Re1
O-O 8.d4 cxd4 9.cxd4 d5 10.e5 Ne4 11.Nc3 Nxc3 12.bxc3 Qa5 13.Bg5
f6 14.exf6 exf6 15.Bd2 Bf5 16.c4 Qa6 17.cxd5 cxd5 18.Bb4 Rfc8
19.Bc5 Rab8 20.Re3 Rb2 21.Nh4 Be4 22.f3 Bc2 23.Qe1 Bf8 24.Re6
Qa4 25.Rxf6 Re8 26.Rxf8+ Rxf8 27.Qe6+ Rf7 28.Qxd5 Bb1 29.h3 Qe8
30.Kh2 Qd7 31.Bd6 Qd8 32.Qe5 g5 33.Ba3 Rbb7 34.Rxb1 Rxb1 35.Nf5
Rb6 36.d5 Rbf6 37.Ne7+ Kh8 38.d6 h6 39.Bb2 Kh7 40.Qe4+ Kg7 41.Qg6+ 1-0

[Event "Team men PL chess 2021"]
[Site "?"]
[Date "2021.05.08"]
[Round "7.23"]
[White "Pervakov, Sergey"]
[Black "Saveliev, Alexei"]
[Result "1/2-1/2"]
[WhiteElo "2056"]
[BlackElo "2372"]
[PlyCount "124"]
[EventDate "2021.??.??"]

1.d4 Nf6 2.Nf3 d5 3.Bf4 c5 4.e3 Nc6 5.c3 cxd4 6.exd4 Bf5 7.Nbd2
e6 8.Be2 Bd6 9.Bxd6 Qxd6 10.O-O O-O 11.Re1 a6 12.a4 Bg4 13.Ne5
Bxe2 14.Qxe2 Ne7 15.a5 Qc7 16.Nb3 Ne4 17.f3 Nd6 18.Nc5 Nc6 19.Nxc6
Qxc6 20.Qd3 Rfe8 21.f4 Re7 22.Re2 Qc7 23.b4 Rae8 24.Rae1 Nc4
25.Qf3 Qd6 26.Qg4 g6 27.Qg5 Kg7 28.Rf1 f6 29.Qh4 b6 30.axb6 Qxb6
31.Qh3 a5 32.bxa5 Nxa5 33.Rfe1 f5 34.Qd3 Nc4 35.g3 e5 36.fxe5
Nxe5 37.Nd7 Rxd7 38.Rxe5 Rxe5 39.Rxe5 Qc6 40.Qe3 Qc7 41.h4 h5
42.Kg2 Kh7 43.Re8 Rf7 44.Qe6 Qd7 45.Qe5 Rg7 46.Qb8 Rf7 47.Rh8+
Kg7 48.Qe5+ Rf6 49.Ra8 Qe6 50.Ra7+ Kg8 51.Ra8+ Kg7 52.Ra7+ Kg8
53.Kf3 Qxe5 54.dxe5 Rc6 55.Kf4 Kf8 56.Rd7 Ke8 57.Rxd5 Ke7 58.Ra5
Rc4+ 59.Kg5 Rg4+ 60.Kh6 Rxg3 61.Ra6 Rg4 62.c4 Rxh4 1/2-1/2

[Event "Team men PL chess 2021"]
[Site "?"]
[Date "2021.05.09"]
[Round "8.1"]
[White "Malakhov, Vladimir"]
[Black "Truskavetsky, Alexandr"]
[Result "1/2-1/2"]
[WhiteElo "2665"]
[BlackElo "2387"]
[PlyCount "110"]
[EventDate "2021.??.??"]

1.Nf3 d5 2.e3 Nf6 3.c4 e6 4.Nc3 b6 5.cxd5 exd5 6.g3 Bb7 7.Bg2
Nbd7 8.O-O Bd6 9.b3 Nc5 10.d3 a5 11.Qc2 O-O 12.Bb2 a4 13.Nxa4
Nxa4 14.bxa4 c5 15.Nh4 Bc6 16.Nf5 Bxa4 17.Qe2 Re8 18.g4 Be5 19.Bxe5
Rxe5 20.f4 Re6 21.g5 Ne8 22.Qb2 Bc6 23.h4 Ra4 24.a3 Ba8 25.h5
h6 26.gxh6 gxh6 27.Bh3 Qf6 28.Qb3 Ra6 29.Ra2 Kf8 30.Rg2 Nd6 31.Nxd6
Rxd6 32.Kh2 Bc6 33.d4 Bd7 34.Bxd7 Rxd7 35.Qb5 Rda7 36.dxc5 Qh4+
37.Kg1 Qe7 38.cxb6 Qxe3+ 39.Kh2 Qxb6 40.Qxd5 Ra5 41.Qd1 Re7 42.Qg4
Re4 43.Rc1 Rg5 44.Qc8+ Re8 45.fxg5 Rxc8 46.Rxc8+ Kg7 47.gxh6+
Kh7 48.Rc3 Qd6+ 49.Rgg3 Qd2+ 50.Kh3 Qd7+ 51.Rg4 Qf5 52.Rcg3 Qf1+
53.Kh2 Qe2+ 54.Rg2 Qe5+ 55.Kh1 Qa1+ 1/2-1/2

[Event "Team men PL chess 2021"]
[Site "?"]
[Date "2021.05.09"]
[Round "8.2"]
[White "Musalov, Ruslan"]
[Black "Inarkiev, Ernesto"]
[Result "0-1"]
[WhiteElo "2359"]
[BlackElo "2654"]
[PlyCount "80"]
[EventDate "2021.??.??"]

1.d4 Nf6 2.Nf3 e6 3.e3 c5 4.c4 cxd4 5.exd4 b6 6.Nc3 Bb4 7.Bd3
O-O 8.O-O Bxc3 9.bxc3 d6 10.Bg5 Nbd7 11.Qc2 h6 12.Bf4 Qc7 13.Qd2
Bb7 14.Bxh6 Ne4 15.Qc2 f5 16.Be3 Rac8 17.Ng5 Nxg5 18.Bxg5 Ba6
19.Qa4 Nb8 20.Rfe1 e5 21.f3 Rf7 22.Rad1 Qd7 23.Qxd7 Nxd7 24.c5
Bxd3 25.Rxd3 bxc5 26.dxe5 dxe5 27.Rd5 Rb8 28.Be3 f4 29.Bxc5 Rb5
30.Red1 Nxc5 31.Rxe5 Rfb7 32.Rd8+ Kh7 33.h4 Na4 34.Ree8 Nxc3
35.Kh2 Rd5 36.Rc8 Nd1 37.Rh8+ Kg6 38.Rc6+ Kf7 39.h5 Ne3 40.g3
Rb1 0-1

[Event "Team men PL chess 2021"]
[Site "?"]
[Date "2021.05.09"]
[Round "8.3"]
[White "Sarana, Alexey"]
[Black "Alexeev, Alexey"]
[Result "1-0"]
[WhiteElo "2649"]
[BlackElo "2243"]
[PlyCount "93"]
[EventDate "2021.??.??"]

1.c4 c6 2.Nf3 d5 3.g3 Nf6 4.Bg2 g6 5.O-O Bg7 6.d4 O-O 7.Nbd2
b6 8.Qc2 Bb7 9.e4 e6 10.Re1 a5 11.h4 Na6 12.e5 Nd7 13.cxd5 cxd5
14.a3 Rc8 15.Qb3 Qc7 16.Nf1 Qc2 17.Qe3 Nab8 18.h5 Ba6 19.h6 Bh8
20.Qf4 Nc6 21.Qg4 Bd3 22.Ne3 Qa4 23.Bd2 Ne7 24.Bc3 Nf5 25.Qf4
f6 26.Nxf5 Bxf5 27.Qe3 fxe5 28.dxe5 Nc5 29.Nd4 Nb3 30.Nxf5 Rxf5
31.Rad1 Qc6 32.f4 Rf7 33.Kh2 Qc5 34.Qe2 d4 35.Bd2 Qf8 36.Bh3
Qxh6 37.Kg2 g5 38.f5 exf5 39.e6 Re7 40.Bxf5 Rc5 41.Qg4 Nxd2 42.Rxd2
Qg7 43.Rf2 h6 44.Ref1 Rc8 45.Bd3 Rcc7 46.Qe4 Ra7 47.Qc6 1-0

[Event "Team men PL chess 2021"]
[Site "?"]
[Date "2021.05.09"]
[Round "8.4"]
[White "Babakekhyan, Artem"]
[Black "Najer, Evgeniy"]
[Result "0-1"]
[WhiteElo "2236"]
[BlackElo "2648"]
[PlyCount "118"]
[EventDate "2021.??.??"]

1.Nf3 c5 2.g3 Nc6 3.d4 cxd4 4.Nxd4 g6 5.Bg2 Bg7 6.Nb3 d6 7.Nc3
Nf6 8.O-O h5 9.h3 Be6 10.Nd4 Nxd4 11.Qxd4 O-O 12.Qb4 b6 13.Bg5
Rc8 14.Qa4 a5 15.Qf4 Qd7 16.Kh2 Rc4 17.Qd2 Rfc8 18.a4 d5 19.Rfc1
Rd4 20.Qe1 Rb4 21.Rd1 Rxb2 22.Bxf6 Bxf6 23.Nxd5 Bxd5 24.Bxd5
Qc7 25.Bb3 Rxc2 26.Bxc2 Bxa1 27.Bd3 Bc3 28.Qh1 h4 29.Qf3 hxg3+
30.fxg3 Bf6 31.Kg2 Kg7 32.Rb1 Rd8 33.h4 Rd4 34.Bb5 Qc5 35.Rh1
Rd5 36.Rc1 Qd6 37.Rc6 Qd8 38.Rc8 Qd6 39.Rc6 Qe5 40.Bd3 Rd4 41.Rc4
Rd8 42.Re4 Qa1 43.Qf1 Qa3 44.Qb1 Qd6 45.Qb5 Rh8 46.Rc4 Be5 47.Rc6
Qd4 48.Qc4 Qe3 49.Qg4 Bd4 50.Qe4 Qf2+ 51.Kh3 g5 52.Qxe7 Rxh4+
53.gxh4 Qf1+ 54.Kg3 Qg1+ 55.Kf3 Qf2+ 56.Kg4 Qf4+ 57.Kh3 g4+ 58.Kg2
Qf2+ 59.Kh1 Qg1# 0-1

[Event "Team men PL chess 2021"]
[Site "?"]
[Date "2021.05.09"]
[Round "8.5"]
[White "Grachev, Boris"]
[Black "Pervakov, Sergey"]
[Result "1-0"]
[WhiteElo "2619"]
[BlackElo "2056"]
[PlyCount "53"]
[EventDate "2021.??.??"]

1.d4 d5 2.Nf3 Nf6 3.c4 c6 4.g3 dxc4 5.Bg2 Nbd7 6.a4 g6 7.Na3
Bg7 8.Nxc4 O-O 9.a5 Nd5 10.e4 Nc7 11.O-O Nf6 12.Nfe5 Be6 13.Be3
Qc8 14.Rc1 Bh3 15.f3 Bxg2 16.Kxg2 Qe6 17.Qb3 Rab8 18.Nd3 Nxe4
19.Nf4 Qf5 20.fxe4 Qxe4+ 21.Rf3 Nb5 22.d5 cxd5 23.Qxb5 dxc4 24.Rxc4
Qb1 25.Rf1 Qxb2+ 26.Qxb2 Bxb2 27.Rb1 1-0

[Event "Team men PL chess 2021"]
[Site "?"]
[Date "2021.05.09"]
[Round "8.7"]
[White "Andreikin, Dmitry"]
[Black "Petrov, Nikita"]
[Result "1/2-1/2"]
[WhiteElo "2725"]
[BlackElo "2550"]
[PlyCount "47"]
[EventDate "2021.??.??"]

1.e4 e5 2.Nf3 Nc6 3.Bb5 a6 4.Ba4 Bc5 5.c3 Nge7 6.O-O Ng6 7.d4
Ba7 8.Be3 O-O 9.Nbd2 d6 10.Re1 exd4 11.cxd4 Nce7 12.d5 Bxe3 13.Rxe3
c6 14.dxc6 bxc6 15.Nc4 d5 16.Nce5 Nxe5 17.Nxe5 Qd6 18.Nf3 Bg4
19.Qd2 Rad8 20.Rae1 d4 21.Rd3 Bxf3 22.e5 Qc7 23.Rxf3 Ng6 24.Rf5 1/2-1/2

[Event "Team men PL chess 2021"]
[Site "?"]
[Date "2021.05.09"]
[Round "8.8"]
[White "Zakhartsov, Vladimir"]
[Black "Alekseev, Evgeny"]
[Result "1/2-1/2"]
[WhiteElo "2496"]
[BlackElo "2617"]
[PlyCount "64"]
[EventDate "2021.??.??"]

1.d4 Nf6 2.c4 e6 3.Nc3 d5 4.cxd5 exd5 5.Bg5 c6 6.e3 Be7 7.Qc2
Nbd7 8.Bd3 O-O 9.Nf3 Re8 10.O-O Nf8 11.Rab1 Be6 12.b4 Rc8 13.Na4
Ne4 14.Bf4 Bd6 15.Bxd6 Nxd6 16.Nc5 g6 17.a4 Nd7 18.h3 Qe7 19.Nxe6
Qxe6 20.Qa2 a6 21.b5 axb5 22.axb5 c5 23.dxc5 Nxc5 24.Nd4 Qf6
25.Rbd1 Nde4 26.Bxe4 dxe4 27.Qa7 Qe7 28.Rc1 Nd3 29.Rxc8 Rxc8
30.Qb6 h5 31.Ne2 Rc2 32.Nf4 Nxf4 1/2-1/2

[Event "Team men PL chess 2021"]
[Site "?"]
[Date "2021.05.09"]
[Round "8.9"]
[White "Zvjaginsev, Vadim"]
[Black "Makarian, Rudik"]
[Result "1/2-1/2"]
[WhiteElo "2614"]
[BlackElo "2481"]
[PlyCount "60"]
[EventDate "2021.??.??"]

1.c4 e6 2.Nc3 Nf6 3.Nf3 d5 4.e3 dxc4 5.Bxc4 a6 6.a4 c5 7.O-O
Nc6 8.Qe2 Be7 9.Rd1 O-O 10.h3 b6 11.d4 cxd4 12.exd4 Nb4 13.Bg5
Bb7 14.Ne5 Nfd5 15.Nxd5 Nxd5 16.Bd2 Bb4 17.Bxb4 Nxb4 18.Ra3 Rc8
19.Rg3 Rc7 20.Qd2 Nd5 21.a5 bxa5 22.Qh6 f6 23.Bd3 g5 24.Nf3 Rg7
25.h4 Nf4 26.hxg5 Bxf3 27.gxf6 Qxf6 28.Bxh7+ Kh8 29.Bg6+ Kg8
30.Bh7+ Kh8 1/2-1/2

[Event "Team men PL chess 2021"]
[Site "?"]
[Date "2021.05.09"]
[Round "8.10"]
[White "Afanasiev, Nikita"]
[Black "Rublevsky, Sergei"]
[Result "1/2-1/2"]
[WhiteElo "2522"]
[BlackElo "2642"]
[PlyCount "67"]
[EventDate "2021.??.??"]

1.Nf3 d5 2.e3 Nf6 3.c4 c6 4.Nc3 a6 5.Qc2 g6 6.d4 Bg7 7.Bd3 O-O
8.O-O Bg4 9.Ne5 Be6 10.cxd5 Nxd5 11.Nxd5 cxd5 12.f4 Bxe5 13.fxe5
Nc6 14.Bd2 Rc8 15.Qa4 Qd7 16.Qb3 f6 17.exf6 Rxf6 18.Rxf6 exf6
19.Rc1 Ne7 20.Rxc8+ Nxc8 21.Qc3 Nd6 22.Qc5 Ne4 23.Bxe4 dxe4 24.Bb4
Qf7 25.a4 h6 26.Qd6 Kg7 27.Qd8 g5 28.Be7 Kg6 29.a5 Bc4 30.h3
Qe6 31.Qe8+ Qf7 32.Qd7 Qd5 33.Qc8 Qc6 34.Qxc6 1/2-1/2

[Event "Team men PL chess 2021"]
[Site "?"]
[Date "2021.05.09"]
[Round "8.11"]
[White "Potkin, Vladimir"]
[Black "Kukhmazov, Arsen"]
[Result "1/2-1/2"]
[WhiteElo "2578"]
[BlackElo "2458"]
[PlyCount "63"]
[EventDate "2021.??.??"]

1.e4 c6 2.d4 d5 3.e5 Bf5 4.Nf3 e6 5.Be2 c5 6.O-O Nc6 7.c3 cxd4
8.Nxd4 Nxd4 9.cxd4 Ne7 10.g4 Bxb1 11.Rxb1 Nc6 12.f4 Be7 13.Be3
O-O 14.b4 Rc8 15.Qd2 a6 16.f5 f6 17.fxe6 fxe5 18.Rxf8+ Qxf8 19.dxe5
d4 20.Bf2 Bxb4 21.Qd3 b5 22.Qe4 Qc5 23.Bd3 g6 24.Bg3 Re8 25.Qf4
Rf8 26.Qg5 Qc3 27.Bxg6 hxg6 28.Qxg6+ Kh8 29.Qh6+ Kg8 30.Qg6+
Kh8 31.Qh6+ Kg8 32.Qg6+ 1/2-1/2

[Event "Team men PL chess 2021"]
[Site "?"]
[Date "2021.05.09"]
[Round "8.12"]
[White "Vetokhin, Savva"]
[Black "Kornev, Alexei"]
[Result "0-1"]
[WhiteElo "2270"]
[BlackElo "2498"]
[PlyCount "86"]
[EventDate "2021.??.??"]

1.Nf3 Nf6 2.g3 g6 3.Bg2 Bg7 4.O-O O-O 5.d4 d5 6.c3 Nbd7 7.Nbd2
c5 8.Re1 cxd4 9.cxd4 Nb6 10.Nb1 Bf5 11.Nc3 Ne4 12.Nh4 Nxc3 13.bxc3
Be6 14.Nf3 Rc8 15.Bd2 Nc4 16.Qb3 Qd7 17.Bf4 h6 18.Rab1 b6 19.h4
Rc6 20.Nd2 Rfc8 21.Nxc4 Rxc4 22.Bd2 Bh3 23.Bh1 e5 24.dxe5 Bxe5
25.Qb5 R8c5 26.Qxd7 Bxd7 27.Red1 Be6 28.Rb3 Kh7 29.Ra3 d4 30.cxd4
Rxd4 31.Kf1 Rc2 32.Ke1 Bd6 33.Rd3 Rxd3 34.exd3 Rxa2 35.d4 b5
36.Be4 Bc4 37.h5 a5 38.hxg6+ fxg6 39.Rb1 a4 40.Bf3 a3 41.Kd1
Bd3 42.Rc1 Rb2 43.Bd5 a2 0-1

[Event "Team men PL chess 2021"]
[Site "?"]
[Date "2021.05.09"]
[Round "8.13"]
[White "Vitiugov, Nikita"]
[Black "Dubov, Daniil"]
[Result "1/2-1/2"]
[WhiteElo "2715"]
[BlackElo "2710"]
[PlyCount "55"]
[EventDate "2021.??.??"]

1.e4 c5 2.Nf3 Nc6 3.Bb5 e5 4.O-O Nge7 5.Bc4 d5 6.exd5 Nxd5 7.Re1
f6 8.c3 Nb6 9.Bb5 Kf7 10.d4 cxd4 11.Bxc6 bxc6 12.cxd4 exd4 13.Nxd4
c5 14.Nb5 Qxd1 15.Rxd1 a6 16.N5c3 Bf5 17.Bf4 g5 18.Bc7 Nc4 19.b3
Nb2 20.Rd2 Nd3 21.Na3 Rc8 22.Ba5 Ne5 23.Nc4 Nxc4 24.bxc4 Be6
25.Nd5 Bd6 26.Bc3 Bxd5 27.Rxd5 Rhd8 28.Rad1 1/2-1/2

[Event "Team men PL chess 2021"]
[Site "?"]
[Date "2021.05.09"]
[Round "8.14"]
[White "Paravyan, David"]
[Black "Matlakov, Maxim"]
[Result "1/2-1/2"]
[WhiteElo "2647"]
[BlackElo "2688"]
[PlyCount "90"]
[EventDate "2021.??.??"]

1.d4 Nf6 2.c4 e6 3.Nc3 Bb4 4.e3 O-O 5.Nf3 d5 6.Be2 dxc4 7.O-O
c5 8.dxc5 Bxc5 9.Bxc4 Qxd1 10.Rxd1 Nc6 11.a3 Be7 12.e4 a6 13.Bf4
b5 14.Be2 b4 15.axb4 Nxb4 16.Bd6 Bxd6 17.Rxd6 Rb8 18.Ne5 Ne8
19.Rd2 f6 20.Nd7 Bxd7 21.Rxd7 Rf7 22.Rad1 Rxd7 23.Rxd7 Rb6 24.Bc4
Kf8 25.f4 Rc6 26.Bb3 Nd6 27.Bxe6 Nxe4 28.f5 Nxc3 29.bxc3 Rxc3
30.Rd8+ Ke7 31.Rd7+ Kf8 32.Rf7+ Ke8 33.Rxg7 Nd3 34.h3 h5 35.Rh7
Nf4 36.Bf7+ Kf8 37.Bxh5 Kg8 38.Bg6 Rg3 39.Ra7 Rxg2+ 40.Kf1 Rh2
41.Rxa6 Nxg6 42.fxg6 Rxh3 43.Rxf6 Kg7 44.Kg2 Kxf6 45.Kxh3 Kxg6 1/2-1/2

[Event "Team men PL chess 2021"]
[Site "?"]
[Date "2021.05.09"]
[Round "8.15"]
[White "Alekseenko, Kirill"]
[Black "Riazantsev, Alexander"]
[Result "1/2-1/2"]
[WhiteElo "2699"]
[BlackElo "2631"]
[PlyCount "81"]
[EventDate "2021.??.??"]

1.e4 e5 2.Nf3 Nc6 3.Bb5 a6 4.Ba4 Bc5 5.c3 Nge7 6.d4 exd4 7.cxd4
Bb4+ 8.Nc3 d5 9.e5 O-O 10.a3 Bxc3+ 11.bxc3 f6 12.exf6 Rxf6 13.Bg5
Re6+ 14.Kf1 Qf8 15.Qd2 Bd7 16.h4 Be8 17.h5 Na5 18.Bc2 Nc4 19.Qd3
Ne3+ 20.Kg1 Nxc2 21.Bxe7 Ne1 22.Nxe1 Qxe7 23.Nf3 Bb5 24.Qb1 Rf8
25.Ne5 Rxe5 26.dxe5 Rxf2 27.Qb4 Qxb4 28.axb4 Re2 29.h6 Rxe5 30.Kf2
gxh6 31.Rxh6 Re2+ 32.Kg1 Bd3 33.Rf6 Be4 34.Rf2 Re3 35.Rc1 c6
36.c4 Rb3 37.cxd5 Bxd5 38.Rf4 Rb2 39.Re1 Rxg2+ 40.Kf1 Kh8 41.Re7 1/2-1/2

[Event "Team men PL chess 2021"]
[Site "?"]
[Date "2021.05.09"]
[Round "8.16"]
[White "Antipov, Mikhail Al"]
[Black "Esipenko, Andrey"]
[Result "0-1"]
[WhiteElo "2609"]
[BlackElo "2701"]
[PlyCount "92"]
[EventDate "2021.??.??"]

1.e4 c6 2.d4 d5 3.exd5 cxd5 4.Bd3 Nf6 5.h3 Nc6 6.c3 g6 7.Nf3
Bf5 8.Be2 e6 9.O-O a6 10.Re1 h6 11.a3 Qc7 12.Nbd2 g5 13.c4 Rd8
14.c5 Ne4 15.b4 h5 16.Bb2 g4 17.Ne5 gxh3 18.Nxe4 Bxe4 19.Bf3
Nxe5 20.dxe5 Rg8 21.g3 h4 22.g4 f5 23.exf6 Rxg4+ 24.Kh1 Qf4 25.Re3
Bxf3+ 26.Qxf3 Qxf3+ 27.Rxf3 Kf7 28.Kh2 Re4 29.Kxh3 d4 30.Rd1
e5 31.Bc1 Rd7 32.Kg2 Ke6 33.f7 Re2 34.Kf1 Rc2 35.Bg5 Rxf7 36.Rxf7
Kxf7 37.Bxh4 Bg7 38.f3 Ke6 39.Rb1 Bf8 40.Re1 Bh6 41.Bg3 Be3 42.Re2
Rc1+ 43.Re1 Rc2 44.Re2 Rc3 45.Bf2 Rxa3 46.Bxe3 Rxe3 0-1

[Event "Team men PL chess 2021"]
[Site "?"]
[Date "2021.05.09"]
[Round "8.17"]
[White "Fedoseev, Vladimir"]
[Black "Yuffa, Daniil"]
[Result "1/2-1/2"]
[WhiteElo "2687"]
[BlackElo "2587"]
[PlyCount "114"]
[EventDate "2021.??.??"]

1.d4 d5 2.c4 c6 3.Nf3 Nf6 4.Qc2 dxc4 5.Qxc4 Bg4 6.Nbd2 Nbd7 7.g3
e6 8.Bg2 Be7 9.O-O O-O 10.b3 Rc8 11.Bb2 b5 12.Qc2 c5 13.Rfc1
Qb6 14.a4 a6 15.e3 Nd5 16.e4 Nb4 17.Qc3 Bf6 18.Qe3 Bxf3 19.Nxf3
cxd4 20.Bxd4 Bxd4 21.Qxd4 Qxd4 22.Nxd4 bxa4 23.Rxc8 Rxc8 24.Rxa4
Rb8 25.Ra5 h6 26.e5 Rc8 27.Bf1 g5 28.Bc4 Rd8 29.Be2 Nb8 30.Nf3
N8c6 31.Rc5 g4 32.Ne1 h5 33.Nd3 Nd4 34.Nxb4 Nxe2+ 35.Kg2 Rd1
36.h3 a5 37.Rxa5 Ng1 38.hxg4 hxg4 39.Nc2 Nf3 40.Ra1 Rd2 41.Ne3
Nxe5 42.Ra5 Nd3 43.Nxg4 f5 44.Ne5 Rxf2+ 45.Kg1 Rd2 46.Nf3 Rd1+
47.Kg2 Kg7 48.Ra2 Rc1 49.Nd4 Kf6 50.Ra6 Re1 51.Rd6 Nb4 52.Kf3
Ke7 53.Rxe6+ Rxe6 54.Nxe6 Kxe6 55.g4 Nd5 56.gxf5+ Kxf5 57.b4
Nxb4 1/2-1/2

[Event "Team men PL chess 2021"]
[Site "?"]
[Date "2021.05.09"]
[Round "8.18"]
[White "Kryakvin, Dmitry"]
[Black "Ponkratov, Pavel"]
[Result "1/2-1/2"]
[WhiteElo "2577"]
[BlackElo "2624"]
[PlyCount "54"]
[EventDate "2021.??.??"]

1.Nf3 Nf6 2.c4 e6 3.g3 d5 4.d4 Bb4+ 5.Bd2 Be7 6.Bg2 O-O 7.O-O
Nbd7 8.Qc2 Ne4 9.Nc3 Nxd2 10.Nxd2 c6 11.e3 Rb8 12.Rfd1 dxc4 13.Nxc4
b5 14.Nd2 c5 15.dxc5 Nxc5 16.Nb3 Qb6 17.Nxc5 Qxc5 18.Rac1 Qb6
19.Ne4 Bb7 20.Qc7 Qxc7 21.Rxc7 Bd8 22.Rcd7 Bxe4 23.Bxe4 Bb6 24.Kf1
Rfd8 25.Ke2 Kf8 26.Rxd8+ Rxd8 27.Rxd8+ Bxd8 1/2-1/2

[Event "Team men PL chess 2021"]
[Site "?"]
[Date "2021.05.09"]
[Round "8.19"]
[White "Motylev, Alexander"]
[Black "Artemiev, Vladislav"]
[Result "1/2-1/2"]
[WhiteElo "2641"]
[BlackElo "2709"]
[PlyCount "43"]
[EventDate "2021.??.??"]

1.e4 c5 2.Nf3 d6 3.d4 cxd4 4.Nxd4 Nf6 5.Nc3 Nc6 6.Bg5 Bd7 7.Nxc6
bxc6 8.Bc4 e6 9.O-O Be7 10.Bxf6 gxf6 11.Qh5 Qb6 12.Bb3 Qd4 13.Kh1
Qe5 14.Qe2 h5 15.f4 Qa5 16.Rad1 f5 17.Rf3 h4 18.h3 Rd8 19.Qe3
Rh5 20.exf5 Rxf5 21.Qd4 Bc8 22.Ne2 1/2-1/2

[Event "Team men PL chess 2021"]
[Site "?"]
[Date "2021.05.09"]
[Round "8.20"]
[White "Oparin, Grigoriy"]
[Black "Goryachkina, Aleksandra"]
[Result "1/2-1/2"]
[WhiteElo "2652"]
[BlackElo "2593"]
[PlyCount "82"]
[EventDate "2021.??.??"]

1.Nf3 d5 2.g3 c6 3.c4 Bg4 4.Ne5 Be6 5.d4 Nd7 6.Nf3 Ngf6 7.Bg2
Bf5 8.Nc3 e6 9.Qb3 Qb6 10.c5 Qc7 11.Nh4 Bg4 12.h3 Bh5 13.Bf4
Qc8 14.g4 Bg6 15.Nxg6 hxg6 16.g5 Nh5 17.Bh2 Be7 18.h4 Bd8 19.e3
Bc7 20.Bxc7 Qxc7 21.Ne2 b6 22.cxb6 axb6 23.O-O c5 24.Rfc1 O-O
25.a4 Rfc8 26.Qd1 Qd8 27.b3 Qe7 28.Ra2 f6 29.f4 cxd4 30.Nxd4
Kh7 31.Rac2 Rxc2 32.Rxc2 Nc5 33.gxf6 gxf6 34.b4 Nxa4 35.Qc1 Qxb4
36.Rc7+ Kh6 37.Rc8 Rxc8 38.Qxc8 Qe1+ 39.Kh2 Qxh4+ 40.Kg1 Qe1+
41.Kh2 Qh4+ 1/2-1/2

[Event "Team men PL chess 2021"]
[Site "?"]
[Date "2021.05.09"]
[Round "8.21"]
[White "Kobalia, Mikhail"]
[Black "Timofeev, Artyom"]
[Result "1/2-1/2"]
[WhiteElo "2587"]
[BlackElo "2594"]
[PlyCount "100"]
[EventDate "2021.??.??"]

1.d4 d5 2.c4 e6 3.Nc3 Nf6 4.Nf3 c5 5.cxd5 Nxd5 6.e4 Nxc3 7.bxc3
cxd4 8.cxd4 Bb4+ 9.Bd2 Bxd2+ 10.Qxd2 O-O 11.Rc1 b6 12.Bd3 Bb7
13.O-O Nd7 14.Qf4 Rc8 15.Rxc8 Qxc8 16.Rc1 Qb8 17.Qxb8 Rxb8 18.Rc7
Nf6 19.Ng5 h6 20.Nxf7 Bxe4 21.Bxe4 Nxe4 22.f3 Nf6 23.Rxa7 Nd5
24.Ne5 Rc8 25.h4 Nf4 26.g4 Rc1+ 27.Kf2 Rc2+ 28.Kf1 Rc1+ 29.Kf2
Rc2+ 30.Ke1 Ng2+ 31.Kd1 Ne3+ 32.Ke1 Ng2+ 33.Kf1 Nxh4 34.Re7 Ng2
35.Rxe6 Ne3+ 36.Kg1 Rg2+ 37.Kh1 Rxa2 38.Rxb6 Rd2 39.Rd6 Kh7 40.Rd8
Nf1 41.Kg1 Ng3 42.Nc6 h5 43.gxh5 Nxh5 44.d5 Nf4 45.Ne7 Ng6 46.Nxg6
Kxg6 47.Kf1 Kf6 48.Ke1 Rd4 49.Kf2 Ke7 50.Ke3 Rd1 1/2-1/2

[Event "Team men PL chess 2021"]
[Site "?"]
[Date "2021.05.09"]
[Round "8.22"]
[White "Makhmutov, Rail"]
[Black "Tregubov, Pavel V"]
[Result "1/2-1/2"]
[WhiteElo "2450"]
[BlackElo "2560"]
[PlyCount "46"]
[EventDate "2021.??.??"]

1.d4 Nf6 2.c4 e6 3.Nf3 Bb4+ 4.Bd2 Qe7 5.e3 Bxd2+ 6.Qxd2 d6 7.Bd3
e5 8.Bc2 Bg4 9.Nc3 Bxf3 10.gxf3 exd4 11.Qxd4 Nc6 12.Qd2 O-O-O
13.O-O-O g6 14.Qe2 Nb4 15.Bb1 Rhe8 16.f4 Na6 17.Rd4 Nc5 18.Rhd1
Qd7 19.Qf3 Qg4 20.Qg3 Ne6 21.R4d2 Nc5 22.Rd4 Ne6 23.R4d2 Nc5 1/2-1/2

[Event "Team men PL chess 2021"]
[Site "?"]
[Date "2021.05.09"]
[Round "8.23"]
[White "Murzin, Volodar"]
[Black "Samusenko, Maksim"]
[Result "1-0"]
[WhiteElo "2478"]
[BlackElo "2469"]
[PlyCount "79"]
[EventDate "2021.??.??"]

1.e4 d6 2.d4 Nf6 3.Nc3 g6 4.Be3 c6 5.f3 Nbd7 6.Qd2 b5 7.Bd3 Bb7
8.Nge2 Qc7 9.a3 a6 10.g4 e5 11.g5 Nh5 12.Ng3 Nf4 13.Bxf4 exf4
14.Qxf4 h6 15.h4 hxg5 16.hxg5 Rxh1+ 17.Nxh1 c5 18.Nd5 Bxd5 19.exd5
Bg7 20.O-O-O cxd4 21.Nf2 Rc8 22.Kb1 Nc5 23.Rd2 Be5 24.Re2 Kf8
25.Qd2 Bg7 26.Ng4 Re8 27.Rxe8+ Kxe8 28.Nf6+ Kd8 29.Qe1 Qe7 30.Qa5+
Kc8 31.Bxb5 axb5 32.Qa8+ Kc7 33.Ne8+ Kd7 34.Qc6+ Kd8 35.Nxd6
Qd7 36.Qxc5 d3 37.cxd3 Be5 38.Ne4 b4 39.d6 Qa4 40.Qc7+ 1-0

[Event "Team men PL chess 2021"]
[Site "?"]
[Date "2021.05.09"]
[Round "8.24"]
[White "Gaifullin, Artur"]
[Black "Savchenko, Boris"]
[Result "1/2-1/2"]
[WhiteElo "2450"]
[BlackElo "2538"]
[PlyCount "158"]
[EventDate "2021.??.??"]

1.d4 Nf6 2.c4 e6 3.Nf3 c5 4.d5 b5 5.Bg5 b4 6.e4 d6 7.Bd3 Be7
8.O-O Nbd7 9.a3 e5 10.axb4 cxb4 11.Qa4 a5 12.c5 O-O 13.Qc6 Rb8
14.cxd6 Bxd6 15.Be3 Ng4 16.Ba7 Rb7 17.Qxd6 Rxa7 18.Nbd2 f5 19.Qc6
Rc7 20.Qa8 Nc5 21.Bc4 Qd6 22.Qxa5 Kh8 23.h3 fxe4 24.Ng5 Nf6 25.Qxb4
h6 26.Ne6 Nxd5 27.Bxd5 Bxe6 28.Bxe6 Qxe6 29.Nxe4 Rfc8 30.Nxc5
Rxc5 31.Ra8 Rxa8 32.Qxc5 Rb8 33.Qc3 Rb3 34.Qc2 e4 35.Rd1 Rb8
36.Re1 Qb3 37.Qxb3 Rxb3 38.Re2 g5 39.Kf1 Kg7 40.Ke1 Kf6 41.Kd1
Kf5 42.Kc2 Rb8 43.Re3 h5 44.Rc3 Ra8 45.Kd2 Rd8+ 46.Ke3 Rb8 47.b3
Ke5 48.h4 gxh4 49.Rc5+ Kf6 50.Rxh5 Rxb3+ 51.Kxe4 Kg6 52.Rd5 Rb6
53.Kf3 Rf6+ 54.Ke2 Ra6 55.Re5 Rb6 56.Kf1 Rb1+ 57.Re1 Rb2 58.Kg1
Kg5 59.Re8 Rb1+ 60.Kh2 Rf1 61.f3 Rd1 62.Re5+ Kg6 63.Ra5 Rb1 64.Kh3
Rh1+ 65.Kg4 Rh2 66.Rg5+ Kf6 67.Kf4 Rh1 68.Rg8 Rg1 69.Rg4 Rh1
70.Ke3 h3 71.gxh3 Rxh3 72.Ra4 Rh1 73.Ke4 Re1+ 74.Kf4 Rf1 75.Ra6+
Kf7 76.Ke4 Rc1 77.f4 Rc5 78.Kf3 Rd5 79.Kg4 Rc5 1/2-1/2

[Event "Team men PL chess 2021"]
[Site "?"]
[Date "2021.05.10"]
[Round "9.1"]
[White "Dubov, Daniil"]
[Black "Motylev, Alexander"]
[Result "1-0"]
[WhiteElo "2710"]
[BlackElo "2641"]
[PlyCount "95"]
[EventDate "2021.??.??"]

1.d4 Nf6 2.c4 e6 3.Nf3 a6 4.Nc3 d5 5.c5 b6 6.cxb6 cxb6 7.Bf4
Bd6 8.e3 O-O 9.Bd3 Nc6 10.O-O Bb7 11.Bg5 h6 12.Bh4 Be7 13.Rc1
Rc8 14.Qe2 Nb4 15.Bb1 a5 16.Rfe1 Ba6 17.Qd1 Ne4 18.Bxe7 Qxe7
19.Ne5 Bb7 20.Bxe4 dxe4 21.a3 Nc6 22.Nc4 Nxd4 23.Qxd4 Rfd8 24.Qxb6
Rxc4 25.Qxa5 Rd2 26.Ne2 Rcc2 27.Rxc2 Rxc2 28.Qb6 e5 29.Ng3 Qd7
30.h4 Qd2 31.Re2 Rc1+ 32.Kh2 Qd7 33.Qb4 Qg4 34.Re1 Qxh4+ 35.Kg1
Rxe1+ 36.Qxe1 Qe7 37.Qb1 Qc7 38.b4 Qc4 39.Qa1 f6 40.Qd1 Qc8 41.b5
Kh7 42.a4 f5 43.Qd2 Qf8 44.Qd7 Bc8 45.Qc7 f4 46.exf4 exf4 47.Nxe4
f3 48.b6 1-0

[Event "Team men PL chess 2021"]
[Site "?"]
[Date "2021.05.10"]
[Round "9.2"]
[White "Goryachkina, Aleksandra"]
[Black "Chigaev, Maksim"]
[Result "1/2-1/2"]
[WhiteElo "2593"]
[BlackElo "2631"]
[PlyCount "64"]
[EventDate "2021.??.??"]

1.d4 Nf6 2.c4 g6 3.Nc3 d5 4.cxd5 Nxd5 5.Bd2 c5 6.e4 Nxc3 7.Bxc3
cxd4 8.Bxd4 e5 9.Bxe5 Bb4+ 10.Bc3 Bxc3+ 11.bxc3 Qa5 12.Ne2 Be6
13.Qd2 O-O 14.Nd4 Rd8 15.Be2 Nc6 16.Nxc6 bxc6 17.Qe3 Qb6 18.Qxb6
axb6 19.a3 Ra4 20.f3 Rda8 21.Kd2 b5 22.Rhb1 Kf8 23.Rb4 Rxa3 24.Rxa3
Rxa3 25.Rb2 g5 26.g3 Ke7 27.e5 f6 28.exf6+ Kxf6 29.Bd3 Bf5 30.Bxf5
Kxf5 31.Kd3 Ke5 32.Rb4 Ra2 1/2-1/2